00943ntm a22002297a 450000500170000000800410001704000280005808200170008610000360010324500930013926000100023230000350024250001820027759000230045965000400048265300230052265500090054570000330055494200080058799900170059595201010061220170809142624.0170802s2011 xx a frb 000 0 eng d aEG-ScBUEbengcEG-ScBUE04222a624bANA1 aAnaim, Seraj Abdul Razak Kamel.10aSmart pattern identification for structural systems /cby Seraj Abdul Razak Kamel Anaim. c2011. a44 p. :bill. (col.) ;c28 cm. aA dissertation submitted to The Faculty Of Engineering, The British University In Egypt, in partial fulfillment of the requirements for the bachelor degree in civil engineering  aNOURA TARK KAMAL.  72BUEshvProjectsacivil engineering. bENGCIVcAugust2017 vSPRO1 aHassan, Maguid H. M.,e ths. 2ddc c25235d25207 00102ddc4070aMAINbMAINc2NDd2017-08-08l0o624 ANAp000046659r2025-07-15 00:00:00yPROJST